LEADER 01104nam a2200217 4500 001 000000347394 003 CaOOAMICUS 005 20210831144924.0 008 210824n it 000 u ita r 040 $aSeMil$bita 245 00$aPer la difesa della moralità /$ca cura del Segretariato Centrale per la Difesa della Moralità constituito presso la Giunta Centrale dell'Azione Cattolica Italiana. 264 1$aRoma :$bStabilimento Tipografico Riccardo Garroni,$c[1923?] 300 $a20 p. ;$c25 cm 650 4$aMoralità - Concezione cristiana.$0(OLS)http://semarc/subject/18253 710 0 $aAzione Cattolica Italiana.$0(OLS)http://semarc/name/1797 773 0 $tBollettino Ufficiale dell'Azione Cattolica Italiana.$dRoma : [s.n.], 1923.$gSupplemento al n. 1$w()2036 850 $aSeMil 852 $aSeMil$W1$xVenegono$y1$m5A VI 7/13$j228142$B238467$CSeMilBibl$Z2$F238467 $81 996 $6245$aPer la difesa della moralità$9(OLS)http://semarc/title/436667 996 $6264$aRoma :$bStabilimento Tipografico Riccardo Garroni$9(OLS)http://semarc/publisher/60048 LEADER 00736nam a2200181 i 4500 001 000000250189 003 CaOOAMICUS 005 20160719000000.0 008 160719s1838 it u000 u ita u 013 $a229094 040 $aSeMil$bita 245 10$aVol. 2. 300 $a658 p. 773 0 $aForamiti, Francesco$tEnciclopedia legale, ovvero Lessico ragionato di gius naturale, civile, canonico, mercantile-cambiario-marittimo, feudale, penale, pubblico-interno, e delle genti.$dVenezia : Co' Tipi del gondoliere, 1838-1840.$g2$w()18492 850 $aSeMil 852 $aSeMil$W1$xVenegono$y1$m3L VI 2 FA$j200535$B200535$CSeMilBibl$Z2$F212280 $8I 961 $aRecupero: Mantegazza 996 $6245$aVol. 2$9(OLS)http://semarc/title/13458 LEADER 00909nam a2200205 i 4500 001 000000257043 003 CaOOAMICUS 005 20241203145755.0 008 180126s1825 it u000 u ita u 013 $a235951 026 $aoae, neno e.o- dead (7) 1825 (R) 040 $aSeMil$bita 245 10$aVol. 5. 300 $a462, [2] p. 500 $aContiene: Della terza deca delle Istorie romane libro sesto-decimo. 773 0 $aLivius, Titus <59 a.C.-17.d.C.>$tStoria romana di Tito Livio recata in italiano da Jacopo Nardi, aggiunti i supplimenti del Freinshemio, nuovamente tradotti da Francesco Ambrosoli. Volume 1.[-7.].$dMilano : Per Nicolò Bettoni, 1824-1825.$kBiblioteca storica di tutte le nazioni$g5$w()4925 850 $aSeMil 852 $aSeMil$W1$xVenegono$y1$m3U II 58 FA$j207389$B207389$CSeMilBibl$Z2$F220874 $8I 996 $6245$aVol. 5$9(OLS)http://semarc/title/108696 LEADER 00578nab a2200145 i 4500 001 000000274082 003 CaOOAMICUS 005 20101108000000.0 008 101108n xx uu u0 0und r 013 $a22539 040 $aSeMil$bita 245 13$aIl sinodo della luce non della paura. - 16 p. - Titolo principale dalla prima pagina. 500 $a31 ottobre 2010. 773 0 $t[2010 : Luglio-Dicembre].$dBologna : Centro Editoriale Dehoniano, 2010.$w()190843 996 $6245$aIl sinodo della luce non della paura. - 16 p. - Titolo principale dalla prima pagina.$9(OLS)http://semarc/title/360899 LEADER 00738nam a2200193 4500 001 000000360725 003 CaOOAMICUS 005 20241115113851.0 008 241115s1906 it 000 u ita r 040 $aSeMil$bita 100 1 $aPalladino, Mario <1842-1921>.$0(OLS)http://semarc/name/120924 245 12$aI martiri campani /$cMons. Mario Palladino. 264 1$aNapoli :$bsocietà Catt. Edit. Napolitana,$c1906. 300 $a24 p. ;$c23 cm 850 $aSeMil 852 $aSeMil$W1$xVenegono$y1$m5C IX 4/8$j252364$B251729$CSeMilBibl$Z2$F251729 $86 996 $6245$aI martiri campani$9(OLS)http://semarc/title/451263 996 $6264$aNapoli :$bsocietà Catt. Edit. Napolitana$9(OLS)http://semarc/publisher/62098